[Event "8th Gibtelecom Masters"]
[Site "Caleta ENG"]
[Date "2010.01.26"]
[Round "1"]
[White "Camus de Solliers,G"]
[Black "Bacrot,E"]
[Result "1/2-1/2"]
[WhiteElo "2356"]
[BlackElo "2713"]
[EventDate "2010.01.26"]

1. d4 Nf6 2. c4 d6 3. Nf3 g6 4. g3 Bg7 5. Bg2 O-O 6. O-O Nc6 7. Nc3 a6 8.
Qd3 Bf5 9. e4 Bg4 10. Ne1 e5 11. d5 Ne7 12. h3 Bd7 13. Qe2 Nh5 14. Nd3 f5
15. exf5 Nxf5 16. Ne4 Nf6 17. Bg5 h6 18. Bxf6 Bxf6 19. Qd2 g5 20. c5 Nd4
21. cxd6 cxd6 22. h4 gxh4 23. Qxh6 Bf5 24. g4 Bg7 25. Qh5 Bh7 26. g5 Qe8
27. Qg4 Qc8 28. Qh5 Qe8 29. Qg4 Qg6 30. f4 Nc2 31. f5 Rxf5 32. Rxf5 Qxf5
33. Qxf5 Bxf5 34. Rf1 Bg6 35. Rc1 Ne3 36. Ndf2 Nxd5 37. Nxd6 Nf4 38. Bxb7
Ra7 39. Rc8+ Kh7 40. Ng4 Nh3+ 41. Kh2 Nxg5 42. Rc7 Ne6 43. Re7 Nc5 44. Nxe5
Nxb7 45. Nxg6 Kxg6 46. Rxb7 Rxb7 47. Nxb7 Bxb2 48. Nc5 a5 49. Nb3 a4 50.
Nc5 a3 51. Ne4 Kf5 52. Nd2 Kg4 53. Nc4 h3 54. Nxa3 1/2-1/2

[Event "8th Gibtelecom Masters"]
[Site "Caleta ENG"]
[Date "2010.01.26"]
[Round "1"]
[White "Movsesian,S"]
[Black "Peek,Mar"]
[Result "1-0"]
[WhiteElo "2708"]
[BlackElo "2342"]
[EventDate "2010.01.26"]

1. e4 c5 2. Nf3 d6 3. d4 cxd4 4. Nxd4 Nf6 5. Nc3 Nc6 6. h3 e5 7. Nde2 Be6
8. f4 Rc8 9. g3 Be7 10. Bg2 Qb6 11. b3 O-O 12. f5 Bd7 13. Na4 Qc7 14. c4 b5
15. cxb5 Nd4 16. Nec3 Bxb5 17. Nxb5 Nxb5 18. Bd2 d5 19. exd5 e4 20. O-O
Nxd5 21. Qe1 Rfe8 22. Rc1 Qb8 23. Rc4 Bd6 24. g4 Bg3 25. Rxc8 Rxc8 26. Qxe4
Nbc3 27. Nxc3 Nxc3 28. Qf3 Qe5 29. Kh1 Ne2 30. Qe4 Rd8 31. Be3 Qxe4 32.
Bxe4 Re8 33. Kg2 Rxe4 34. Kf3 Bc7 35. Kxe4 Ng3+ 36. Kd5 Nxf1 37. Bxa7 h5
38. b4 hxg4 39. hxg4 Nh2 40. a4 Nxg4 41. a5 Ne5 42. a6 1-0

[Event "8th Gibtelecom Masters"]
[Site "Caleta ENG"]
[Date "2010.01.26"]
[Round "1"]
[White "Lovik,L"]
[Black "Vallejo Pons,F"]
[Result "0-1"]
[WhiteElo "2343"]
[BlackElo "2705"]
[EventDate "2010.01.26"]

1. e4 e5 2. Nf3 Nc6 3. d4 exd4 4. Nxd4 Bb4+ 5. c3 Bc5 6. Be3 Bb6 7. Nd2 Nf6
8. Bc4 O-O 9. Nxc6 bxc6 10. Bxb6 axb6 11. O-O d5 12. Bd3 Bg4 13. Qc2 dxe4
14. Nxe4 Nd5 15. Ng3 g6 16. Rfe1 Nf4 17. Be4 Qf6 18. h3 Bd7 19. a3 Rad8 20.
Rad1 c5 21. Rd2 Ba4 22. Qc1 h5 23. Rxd8 Rxd8 24. Qe3 Re8 25. Qc1 h4 26. Nh1
Qg5 27. Bf3 Nxh3+ 28. Kh2 Rxe1 0-1

[Event "8th Gibtelecom Masters"]
[Site "Caleta ENG"]
[Date "2010.01.26"]
[Round "1"]
[White "Adams,Mi"]
[Black "Reizniece,D"]
[Result "1-0"]
[WhiteElo "2694"]
[BlackElo "2341"]
[EventDate "2010.01.26"]

1. e4 d6 2. d4 Nf6 3. Nc3 g6 4. h3 c6 5. g4 h5 6. g5 Nfd7 7. f4 Bg7 8. Nf3
b5 9. Bg2 b4 10. Ne2 d5 11. f5 Nf8 12. Nh4 dxe4 13. O-O gxf5 14. Nxf5 Bxf5
15. Rxf5 Ng6 16. Bxe4 Qd7 17. Qd3 e6 18. Rf2 Ne7 19. Bd2 a5 20. Raf1 Rf8
21. c3 Na6 22. Ng3 h4 23. Nh5 Bh8 24. g6 f5 25. g7 Bxg7 26. Nxg7+ Kd8 27.
Rg2 Kc7 28. Qc4 Nd5 29. Bxd5 1-0

[Event "8th Gibtelecom Masters"]
[Site "Caleta ENG"]
[Date "2010.01.26"]
[Round "1"]
[White "Fressinet,L"]
[Black "Zozulia,A"]
[Result "1-0"]
[WhiteElo "2670"]
[BlackElo "2321"]
[EventDate "2010.01.26"]

1. e4 g6 2. d4 Bg7 3. Nf3 d6 4. Bc4 c6 5. Bb3 Nf6 6. Qe2 e5 7. c3 Qe7 8.
Nbd2 O-O 9. O-O Nh5 10. Re1 Nf4 11. Qf1 Ne6 12. dxe5 dxe5 13. Nc4 Nc5 14.
Bc2 Bg4 15. Nfd2 b5 16. Na5 Bh6 17. b4 Nb7 18. Ndb3 Bxc1 19. Rexc1 Nxa5 20.
Nxa5 a6 21. a4 Be6 22. Rd1 Rc8 23. Qd3 Ra7 24. Qe3 Kg7 25. Bb3 Bxb3 26.
Nxb3 Rd7 27. Rxd7 Nxd7 28. Qa7 Qd6 29. Qxa6 Rd8 30. h3 bxa4 31. Qxa4 c5 32.
Na5 cxb4 33. cxb4 Nb6 34. Qb5 Rc8 35. Rf1 Rc2 36. Nb7 Qd4 37. Nc5 Nc4 38.
Qe8 Nd2 39. Qe7 Rxc5 40. Qxc5 Qxe4 41. Rd1 Qe2 42. Qc1 Nb3 43. Qb1 Nd4 44.
Re1 Qb5 45. Qe4 f6 46. Ra1 1-0

[Event "8th Gibtelecom Masters"]
[Site "Caleta ENG"]
[Date "2010.01.26"]
[Round "1"]
[White "Wantiez,F"]
[Black "Fridman,D2"]
[Result "0-1"]
[WhiteElo "2315"]
[BlackElo "2654"]
[EventDate "2010.01.26"]

1. e4 c6 2. Nc3 d5 3. Nf3 Bg4 4. h3 Bxf3 5. Qxf3 e6 6. a3 Nf6 7. d3 Nbd7 8.
g4 h6 9. Qg3 Qb8 10. f4 dxe4 11. dxe4 e5 12. f5 b5 13. Bd3 Bc5 14. Qg2 Qb6
15. a4 Be3 16. axb5 Bxc1 17. Rxc1 cxb5 18. Ke2 b4 19. Na4 Qc6 20. b3 Nb6
21. Nxb6 axb6 22. Kf3 O-O 23. g5 Nh5 24. Qd2 Nf4 25. Qxb4 hxg5 26. h4 Rfd8
27. hxg5 Nxd3 28. cxd3 Rxd3+ 29. Kg4 Qb7 30. Rcd1 Qd7 31. Qe1 Ra2 32. Qf1
Rxd1 33. Qxd1 Rg2+ 34. Kf3 Rd2 35. Qf1 Qd4 36. Qc4 Qf2+ 0-1

[Event "8th Gibtelecom Masters"]
[Site "Caleta ENG"]
[Date "2010.01.26"]
[Round "1"]
[White "Gustafsson,J"]
[Black "Andre,G"]
[Result "1-0"]
[WhiteElo "2627"]
[BlackElo "2308"]
[EventDate "2010.01.26"]

1. d4 d5 2. c4 c6 3. Nf3 Nf6 4. Nc3 e6 5. Bg5 dxc4 6. a4 Bb4 7. e4 Qa5 8.
Bd2 c5 9. Bxc4 O-O 10. dxc5 Qxc5 11. Qe2 Nc6 12. O-O e5 13. Nd5 Bg4 14.
Bxb4 Nxb4 15. Nxf6+ gxf6 16. Rfc1 Qe7 17. h3 Bxf3 18. Qxf3 Nc6 19. Qh5 Nd4
20. Rc3 Kh8 21. Kh1 Rac8 22. Rac1 Rc7 23. Rg3 Rg8 24. Rxg8+ Kxg8 25. Rc3
Kh8 26. Kh2 Rc6 27. Bxf7 Rxc3 28. bxc3 Ne6 29. Bxe6 Qxe6 30. Qd1 Qc6 31.
Qd5 Qc7 32. c4 Kg7 33. c5 Kg6 34. Kg3 h5 35. Qg8+ Kh6 36. Qf8+ Kg6 37. Kh4
Qc6 38. Qg8+ Kh6 39. Qh8+ Kg6 40. Qxh5+ Kg7 41. Qg4+ Kf7 42. Kh5 Qxa4 43.
Qg6+ Ke6 44. Qf5+ Ke7 45. Qh7+ Ke6 46. Qxb7 Qe8+ 47. Kg4 Qg6+ 48. Kf3 Qh5+
49. Ke3 Qg5+ 50. Ke2 Qxg2 51. Qa6+ Kf7 52. Qxa7+ Kg6 53. Qa8 Qh1 54. Qd5
Qc1 55. c6 Qc2+ 56. Kf3 Qc1 57. h4 Kh6 58. Ke2 Kg6 59. h5+ Kxh5 60. Qf7+
Kg4 61. Qe6+ Kh5 62. Qf5+ Kh4 63. Qxf6+ Kh3 64. Qf5+ Kh4 65. Qxe5 Qc4+ 66.
Ke3 Qxc6 67. Kf3 Qc2 68. Qf6+ Kh5 69. Qf5+ Kh6 70. Kg3 Qb1 71. Kg2 Qb7 72.
Qe6+ Kg7 73. f4 Qb1 74. f5 Qb2+ 75. Kf3 Qd4 76. Qd5 Qa1 77. Kf4 Kf8 78.
Qd6+ Kf7 79. Qc7+ Kf8 80. Kg5 Qg1+ 81. Kf6 Qd4+ 82. e5 Qh4+ 83. Ke6 Qh6+
84. f6 Qh3+ 85. Kd6 Qd3+ 86. Kc6 Qc4+ 87. Kd7 Qb5+ 88. Kc8 Qa6+ 89. Kd8
Qa8+ 90. Qc8 Qa7 91. e6 1-0

[Event "8th Gibtelecom Masters"]
[Site "Caleta ENG"]
[Date "2010.01.26"]
[Round "1"]
[White "Forsaa,E"]
[Black "Sandipan,C"]
[Result "0-1"]
[WhiteElo "2301"]
[BlackElo "2622"]
[EventDate "2010.01.26"]

1. e4 c5 2. Nf3 d6 3. d4 cxd4 4. Nxd4 Nf6 5. Nc3 a6 6. Be2 e6 7. O-O Be7 8.
Be3 O-O 9. g4 Nc6 10. g5 Nd7 11. f4 Nxd4 12. Qxd4 b5 13. Rad1 Bb7 14. h4
Qc7 15. a3 Rad8 16. Qd2 d5 17. e5 d4 18. Bxd4 Nxe5 19. Qe3 Qc6 20. Ne4 Qxe4
21. Qxe4 Bxe4 22. Bxe5 f6 23. Bc3 Bxc2 24. Rxd8 Rxd8 25. Re1 Bf5 26. Kg2 h6
27. gxh6 gxh6 28. Bf3 Kf7 29. Bh5+ Kg7 30. Kf3 Bc5 31. Kg2 Rd3 32. Rd1 Be4+
33. Kh2 Rxd1 34. Bxd1 Bf2 35. h5 Bc5 36. Kg3 Bd6 37. Bf3 Bxf3 38. Kxf3 Kf7
39. Ke4 f5+ 40. Kf3 Be7 41. Bd2 Ke8 42. Ke3 Bf6 43. b3 e5 44. Bb4 e4 45. a4
bxa4 46. bxa4 Bg7 47. Bc5 Kd7 48. Bb6 Kc6 49. Bd8 Kc5 50. Be7+ Kc4 51. Bd8
Bb2 52. Kd2 Bc3+ 53. Ke2 a5 0-1

[Event "8th Gibtelecom Masters"]
[Site "Caleta ENG"]
[Date "2010.01.26"]
[Round "1"]
[White "Schoene,Mar"]
[Black "Koneru,H"]
[Result "0-1"]
[WhiteElo "2251"]
[BlackElo "2614"]
[EventDate "2010.01.26"]

1. e4 c5 2. Nf3 e6 3. d4 cxd4 4. Nxd4 a6 5. Nc3 Qc7 6. Bd3 Nf6 7. f4 d6 8.
Qf3 Nbd7 9. g4 h6 10. Bd2 b5 11. O-O-O Bb7 12. Kb1 Nc5 13. b4 Ncd7 14. h4
g6 15. g5 Nh5 16. f5 exf5 17. Nd5 Bxd5 18. exd5 Ne5 19. Rhe1 Bg7 20. Nc6
hxg5 21. hxg5 Kf8 22. Nxe5 Bxe5 23. Rh1 f4 24. Rc1 Qe7 25. Qg4 Qa7 26. Qf3
Kg7 27. c4 bxc4 28. Rxc4 Rhc8 29. Rhc1 Rxc4 30. Bxc4 Kg8 31. Bb3 Qe7 32.
Qg4 Bg7 33. Rc4 Qe5 34. Bc3 Qe3 35. Rc8+ Rxc8 36. Qxc8+ Kh7 37. Bxg7 Kxg7
38. Qxa6 f3 39. Bc4 Nf4 40. a4 Ne2 41. Kc2 Qc1+ 42. Kb3 Qb1+ 43. Ka3 Nd4
0-1

[Event "8th Gibtelecom Masters"]
[Site "Caleta ENG"]
[Date "2010.01.26"]
[Round "1"]
[White "Edouard,R"]
[Black "Videnova,I"]
[Result "1-0"]
[WhiteElo "2608"]
[BlackElo "2301"]
[EventDate "2010.01.26"]

1. e4 c5 2. Nf3 Nc6 3. Bb5 Nf6 4. Nc3 g6 5. h3 Bg7 6. e5 Ng8 7. Bxc6 dxc6
8. d3 Nh6 9. g4 Qb6 10. Qe2 O-O 11. b3 f5 12. g5 Nf7 13. Bb2 Nd8 14. O-O-O
Ne6 15. h4 Qc7 16. Rde1 b6 17. Qe3 a5 18. h5 Bd7 19. Nh4 gxh5 20. g6 Be8
21. Rhg1 h6 22. f4 Nd4 23. Nf3 Ne6 24. Rg2 a4 25. Nxa4 Rxa4 26. bxa4 Qa7
27. d4 Qxa4 28. Qb3 Qxb3 29. axb3 Nxf4 30. Rg3 cxd4 31. Nxd4 h4 32. Rf3
Nxg6 33. Ne6 Bd7 34. Nxg7 1-0

[Event "8th Gibtelecom Masters"]
[Site "Caleta ENG"]
[Date "2010.01.26"]
[Round "1"]
[White "Perez Pardo,J"]
[Black "Istratescu,A"]
[Result "0-1"]
[WhiteElo "2297"]
[BlackElo "2607"]
[EventDate "2010.01.26"]

1. d4 Nf6 2. Nf3 d5 3. g3 c6 4. Bg2 Bf5 5. O-O e6 6. b3 Nbd7 7. Nbd2 Ne4 8.
Bb2 Be7 9. Ne5 Nxd2 10. Qxd2 Nxe5 11. dxe5 Qb6 12. Bd4 c5 13. Be3 Qc7 14.
c4 d4 15. Bf4 h6 16. e4 Bg4 17. f3 Bh5 18. g4 g5 19. Bg3 Bg6 20. f4 gxf4
21. Bxf4 h5 22. g5 h4 23. Bf3 O-O-O 24. Kh1 Bf8 25. h3 Bg7 26. Qh2 d3 27.
Rad1 Rd4 28. Rfe1 Rhd8 29. Rd2 a6 30. Kg1 b5 31. cxb5 axb5 32. Qf2 Bxe5 33.
Bxe5 Qxe5 34. Kf1 Qxg5 35. Rc1 R8d7 36. Ke1 Bxe4 0-1

[Event "8th Gibtelecom Masters"]
[Site "Caleta ENG"]
[Date "2010.01.26"]
[Round "1"]
[White "Lopez Martinez,Josep"]
[Black "Stebbings,A"]
[Result "1/2-1/2"]
[WhiteElo "2593"]
[BlackElo "2290"]
[EventDate "2010.01.26"]

1. e4 c5 2. Nf3 e6 3. d4 cxd4 4. Nxd4 Nc6 5. Nc3 Qc7 6. Be3 a6 7. Qd2 Nf6
8. O-O-O Bb4 9. f3 O-O 10. g4 b5 11. g5 Ne8 12. a3 Be7 13. Nxc6 Qxc6 14. h4
b4 15. axb4 Bxb4 16. h5 Rb8 17. Qd4 d6 18. Qc4 Qb7 19. Qa2 Nc7 20. Nb1 Qc6
21. Qc4 Qb7 22. Qb3 Qc6 23. Qd3 a5 24. Qc4 Qb7 25. Qa2 Qc6 26. Bd3 e5 27.
Bc4 Be6 28. Bd5 Bxd5 29. exd5 Qb5 30. Rh2 Bc5 31. Bxc5 Qxc5 32. Qa3 Na6 33.
Qxc5 Nxc5 34. Na3 Rb4 35. c3 Rf4 36. Nb5 Rd8 37. Rh3 Kf8 38. Kc2 a4 39. Na7
Rb8 40. Nc6 Rb3 41. Ra1 Rf5 42. g6 fxg6 43. hxg6 hxg6 44. Na5 Rb6 45. Nc4
Ra6 46. Rg1 Kf7 47. Rhg3 Rf6 48. Rh1 Ra8 49. Rh4 Re8 50. Nd2 Rf4 51. Rxf4+
exf4 52. Rg4 g5 53. Rxg5 Kf6 54. Rg2 Re5 55. c4 Re3 56. Rh2 Ke5 57. Rg2 Nb3
58. Rxg7 Kd4 59. Ne4 Kxc4 60. Nxd6+ Kxd5 61. Ne4 Nd4+ 62. Kd1 Rxf3 63. Nc3+
Kc4 64. Nxa4 Rf1+ 65. Kd2 Rf2+ 66. Ke1 Re2+ 67. Kf1 f3 68. Rc7+ Kb4 69. Rc3
Kxa4 70. Rc4+ Kb3 71. Rxd4 Kxb2 72. Rd3 Rc2 73. Rxf3 1/2-1/2

[Event "8th Gibtelecom Masters"]
[Site "Caleta ENG"]
[Date "2010.01.26"]
[Round "1"]
[White "Getz,N"]
[Black "Geetha Narayanan Gopal"]
[Result "0-1"]
[WhiteElo "2280"]
[BlackElo "2584"]
[EventDate "2010.01.26"]

1. Nf3 c5 2. c4 Nc6 3. Nc3 e5 4. d3 d6 5. g3 g6 6. Bg2 Bg7 7. O-O Nge7 8.
a3 O-O 9. Rb1 a5 10. Bd2 h6 11. Ne1 Be6 12. Nc2 d5 13. cxd5 Nxd5 14. Qc1
Kh7 15. Nxd5 Bxd5 16. Bxd5 Qxd5 17. Ne3 Qd6 18. Nc4 Qe6 19. Re1 Nd4 20. b3
b6 21. Bc3 f5 22. Bxd4 cxd4 23. a4 f4 24. Nd2 Rac8 25. Qb2 Qh3 26. Nf3 fxg3
27. fxg3 e4 28. dxe4 d3 29. Qd2 Rxf3 30. exf3 Rc2 31. Qxc2 dxc2 32. Rbc1
Bd4+ 33. Kh1 Bf2 34. Re2 Bxg3 35. Kg1 Be5 0-1

[Event "8th Gibtelecom Masters"]
[Site "Caleta ENG"]
[Date "2010.01.26"]
[Round "1"]
[White "Felgaer,R"]
[Black "Kozlov,O"]
[Result "1/2-1/2"]
[WhiteElo "2573"]
[BlackElo "2279"]
[EventDate "2010.01.26"]

1. e4 c5 2. Nf3 e6 3. Nc3 a6 4. d4 cxd4 5. Nxd4 b5 6. Bd3 Qb6 7. Nf3 Qc7 8.
O-O Bb7 9. Re1 b4 10. Na4 Bc6 11. c4 Nf6 12. e5 Ng8 13. Be3 a5 14. Rc1 Bxa4
15. Qxa4 Bc5 16. Be4 Ra6 17. Bxc5 Qxc5 18. Qb5 Qc7 19. Nd4 Ne7 20. Qa4 O-O
21. Nb5 Qc5 22. Nd6 f6 23. Qb5 Qa7 24. c5 Nec6 25. Qd3 f5 26. Bd5 Qc7 27.
Bc4 Ra8 28. f4 Ne7 29. Qe3 Na6 30. Be2 Nd5 31. Qd4 Qa7 32. Bf3 Nac7 33. g3
a4 34. Rc4 a3 35. b3 Rab8 36. Rec1 Nc3 37. Rc2 N7d5 38. h4 g6 39. Kh2 Qc7
40. Bg2 Kg7 41. Bxd5 Nxd5 42. c6 Kg8 43. Rc5 dxc6 44. Rxc6 Qd7 45. Qc5 Kh8
46. Nc8 1/2-1/2

[Event "8th Gibtelecom Masters"]
[Site "Caleta ENG"]
[Date "2010.01.26"]
[Round "1"]
[White "Royset,P"]
[Black "Halkias,S"]
[Result "0-1"]
[WhiteElo "2279"]
[BlackElo "2566"]
[EventDate "2010.01.26"]

1. e4 c5 2. Nf3 Nc6 3. Bb5 d6 4. O-O Bd7 5. c4 Nf6 6. d3 g6 7. Nc3 Bg7 8.
Rb1 a6 9. Ba4 O-O 10. a3 Bg4 11. h3 Bxf3 12. Qxf3 Nd4 13. Qd1 Rb8 14. Ne2
Nxe2+ 15. Qxe2 Qa5 16. Bc2 Nd7 17. f4 e6 18. b4 Qc7 19. Bd2 Rfe8 20. Ba4 b5
21. Bb3 Qa7 22. Kh1 Rb7 23. Qg4 cxb4 24. axb4 Qd4 25. Qe2 Qb6 26. Qf3 Rc7
27. g4 Qb7 28. Kh2 Kh8 29. g5 bxc4 30. dxc4 Nb6 31. Rfc1 Rec8 32. Qd3 Nd7
33. Re1 Nb6 34. Rbc1 Nd7 35. Qxd6 Nc5 36. bxc5 Qxb3 37. Be3 Qa4 38. Red1
Kg8 39. Qb6 Bf8 40. Rd6 Qa3 41. Re1 Qa2+ 42. Kg3 Qxc4 43. Qxa6 Qxe4 44. Bf2
Qa8 45. Qxa8 Rxa8 46. Bd4 Bxd6 47. cxd6 Rc6 48. Be5 Ra3+ 49. Kg4 Rd3 50.
Rb1 Rcxd6 51. Bxd6 Rxd6 52. h4 Rd4 53. Rb5 Kg7 54. Kg3 Rd3+ 55. Kg2 h6 56.
Rb7 Rd2+ 57. Kg3 Rd3+ 58. Kg2 hxg5 59. hxg5 Kf8 60. Ra7 Ke8 61. Rb7 Rd7 62.
Rb8+ Ke7 63. Kf3 Rd3+ 64. Ke4 Rc3 65. Rb7+ Ke8 66. Ra7 Rc5 67. Ra8+ Kd7 68.
Ra7+ Rc7 69. Ra4 Ke7 70. Rb4 Rc1 71. Rb7+ Kf8 72. Rb8+ Kg7 73. Rb7 Rc5 74.
Ra7 Rf5 75. Rb7 Kf8 76. Rb8+ Ke7 77. Rb7+ Kd6 78. Ra7 e5 79. Ra6+ Ke7 80.
Ra7+ Kf8 81. fxe5 Rxg5 82. Rb7 Rg1 83. Rb8+ Kg7 84. Rb7 Rf1 85. Ra7 Kh6 86.
Ra6 Kh5 87. Ra2 g5 88. Ra8 Kh4 89. Rh8+ Kg3 90. Rf8 g4 91. Kd5 Rf4 92. Kd6
Kf3 93. Rg8 g3 94. Rg5 g2 0-1

[Event "8th Gibtelecom Masters"]
[Site "Caleta ENG"]
[Date "2010.01.26"]
[Round "1"]
[White "Lenderman,A"]
[Black "Schuetze,N"]
[Result "1-0"]
[WhiteElo "2560"]
[BlackElo "2269"]
[EventDate "2010.01.26"]

1. d4 Nf6 2. Nf3 g6 3. Bg5 Ne4 4. Bh4 Bg7 5. c3 c5 6. e3 cxd4 7. exd4 d5 8.
Bd3 Nd6 9. Qb3 Qb6 10. Bg3 Bf5 11. Bxf5 Nxf5 12. Qxb6 axb6 13. Na3 Nxg3 14.
hxg3 Ra5 15. Kd2 Nc6 16. Nc2 O-O 17. Nfe1 e5 18. dxe5 Nxe5 19. Nd3 Nc4+ 20.
Kc1 Rc8 21. Rd1 d4 22. cxd4 Rb5 23. a4 Rd5 24. Nf4 Rd7 25. Kb1 Re8 26. Rd3
g5 27. Nh5 Bh8 28. g4 h6 29. Ng3 Kf8 30. Ne3 Ne5 31. Rd2 Nc6 32. d5 Nb4 1-0

[Event "8th Gibtelecom Masters"]
[Site "Caleta ENG"]
[Date "2010.01.26"]
[Round "1"]
[White "Nikolaidis,K"]
[Black "Lemos,D"]
[Result "1/2-1/2"]
[WhiteElo "2266"]
[BlackElo "2556"]
[EventDate "2010.01.26"]

1. d4 Nf6 2. Nf3 g6 3. Bg5 Bg7 4. Nbd2 O-O 5. e4 d6 6. c3 c5 7. d5 e6 8.
dxe6 Bxe6 9. Bc4 Qd7 10. Bxe6 Qxe6 11. Qb3 Nbd7 12. O-O Rfe8 13. Rfe1 Rab8
14. h3 b5 15. Bf4 b4 16. Qxe6 Rxe6 17. Ng5 bxc3 18. bxc3 Ree8 19. Bxd6 Rb2
20. Ngf3 Nh5 21. e5 Nf4 22. Nb3 Nd3 23. Re3 c4 24. Na5 Bh6 25. Nxc4 Bxe3
26. Nxb2 Bxf2+ 27. Kf1 Nxb2 28. Kxf2 Nd3+ 29. Kg3 N3xe5 30. Nxe5 Nxe5 31.
Re1 f6 32. c4 Kf7 33. c5 Nc4 34. Rb1 Re3+ 35. Kh2 Nxd6 36. cxd6 Ke6 37. Rb7
Ra3 38. Rxh7 Kxd6 39. Rg7 g5 40. Rb7 Rxa2 41. Kg3 Ra4 42. Rf7 Ke5 43. Re7+
Kf5 44. Rc7 Ra3+ 45. Kh2 a6 46. Rc6 Ke5 47. g4 a5 48. Rc5+ Kd4 49. Rf5 Kc4
50. Rxf6 Rd3 51. Ra6 Kb5 52. Ra8 Rd5 53. Rb8+ Kc4 54. Ra8 Kb4 55. Rb8+ Ka3
56. Rf8 Kb3 57. Rb8+ Kc4 58. Ra8 Kb5 59. Rb8+ Kc6 60. Rc8+ Kb7 61. Rc3 Kb6
62. h4 1/2-1/2

[Event "8th Gibtelecom Masters"]
[Site "Caleta ENG"]
[Date "2010.01.26"]
[Round "1"]
[White "Malakhatko,V"]
[Black "Stephan,Ax"]
[Result "1-0"]
[WhiteElo "2549"]
[BlackElo "2252"]
[EventDate "2010.01.26"]

1. d4 Nf6 2. c4 g6 3. Nc3 d5 4. Bg5 Ne4 5. Bh4 Nxc3 6. bxc3 dxc4 7. Qa4+
Qd7 8. Qxc4 b6 9. Bg3 c5 10. Be5 f6 11. Bxb8 Rxb8 12. Nf3 cxd4 13. cxd4 Bb7
14. e3 Bd5 15. Qa6 b5 16. Rb1 b4 17. Nd2 Qb7 18. Qa4+ Bc6 19. Qb3 Bxg2 20.
Bxg2 Qxg2 21. Ke2 Qg4+ 22. f3 Qd7 23. Ne4 Rb6 24. Nc5 Qb5+ 25. Kf2 e5 26.
Rhc1 exd4 27. exd4 Bxc5 28. dxc5 Rc6 29. Qd5 Kf8 30. Rc4 a5 31. Qd8+ 1-0

[Event "8th Gibtelecom Masters"]
[Site "Caleta ENG"]
[Date "2010.01.26"]
[Round "1"]
[White "Montero Melendez,R"]
[Black "Bhat,V"]
[Result "0-1"]
[WhiteElo "2248"]
[BlackElo "2540"]
[EventDate "2010.01.26"]

1. d4 d5 2. c4 c6 3. Nc3 Nf6 4. cxd5 cxd5 5. Bf4 Qb6 6. Rc1 Bd7 7. e3 Qxb2
8. Bd3 e6 9. Nge2 Qa3 10. Rb1 Bc6 11. O-O a6 12. Rb3 Qa5 13. a4 Qd8 14. Qb1
Bd6 15. Bxd6 Qxd6 16. e4 dxe4 17. Nxe4 Qd5 18. Nxf6+ gxf6 19. Nf4 Qxd4 20.
Rb4 Qd6 21. Nh5 Nd7 22. Ng7+ Kf8 23. Nh5 Nc5 24. Bc2 Bxg2 25. Kxg2 Qd5+ 26.
Be4 Qxh5 27. Kh1 Rg8 28. Rc1 Rd8 0-1

[Event "8th Gibtelecom Masters"]
[Site "Caleta ENG"]
[Date "2010.01.26"]
[Round "1"]
[White "Hartvig,O"]
[Black "Cramling,P"]
[Result "1/2-1/2"]
[WhiteElo "2245"]
[BlackElo "2528"]
[EventDate "2010.01.26"]

1. e4 c5 2. Nf3 e6 3. d4 cxd4 4. Nxd4 a6 5. Nc3 b5 6. Be3 Bb7 7. f3 Nc6 8.
Qd2 Rc8 9. Nxc6 dxc6 10. O-O-O Qxd2+ 11. Rxd2 e5 12. g3 Ra8 13. Bb6 Be7 14.
Bc7 f6 15. Bh3 Bc8 16. Bxc8 Rxc8 17. Bd6 Rd8 18. Rhd1 Nh6 19. Bxe7 Rxd2 20.
Kxd2 Kxe7 21. Ke3 Nf7 22. a4 b4 23. Na2 Rb8 24. Nc1 Nd6 25. b3 Rc8 26. f4
Ke6 27. c4 bxc3 28. Rd3 f5 29. exf5+ Nxf5+ 30. Ke4 Nd6+ 31. Ke3 e4 32. Rxc3
Kd5 33. Ne2 Nf5+ 34. Kd2 a5 35. g4 Nd6 36. Rh3 e3+ 37. Rxe3 Ne4+ 38. Kc2
Nf6 39. Nc3+ Kd6 40. Ne4+ Nxe4 41. Rxe4 h5 42. h3 hxg4 43. hxg4 Rh8 44. f5
c5 45. Re6+ Kd5 46. Rg6 Rh7 47. Kc3 Rh3+ 48. Kb2 Rh2+ 49. Ka3 Rh7 50. g5 c4
51. bxc4+ Kxc4 52. Rc6+ Kd4 53. Rc7 Rh3+ 54. Kb2 Rf3 55. Rxg7 Rxf5 56. g6
Rg5 57. Rb7 Rg2+ 58. Ka3 Rxg6 59. Rb5 Rg3+ 60. Rb3 Rg5 61. Rb5 Rxb5 62.
axb5 Kc5 63. b6 Kxb6 64. Ka4 Ka6 65. Ka3 Kb5 66. Kb3 a4+ 67. Ka3 Ka5 68.
Kb2 Kb4 69. Ka2 a3 70. Ka1 Kb3 71. Kb1 a2+ 72. Ka1 Ka3 1/2-1/2

[Event "8th Gibtelecom Masters"]
[Site "Caleta ENG"]
[Date "2010.01.26"]
[Round "1"]
[White "Naumann,A"]
[Black "Avalos Parra,J"]
[Result "1/2-1/2"]
[WhiteElo "2258"]
[BlackElo "2245"]
[EventDate "2010.01.26"]

1. c4 Nf6 2. Nf3 c6 3. d4 d5 4. e3 Bf5 5. Nc3 e6 6. Nh4 Be4 7. f3 Bg6 8.
Qb3 Qc7 9. Bd2 Bd6 10. g3 Bh5 11. g4 Bg6 12. g5 dxc4 13. Bxc4 Nd5 14. Nxg6
hxg6 15. Ne4 b5 16. Be2 Be7 17. f4 Nd7 18. Rc1 Qb7 19. h4 Rb8 20. Kf2 Qb6
21. a4 a6 22. axb5 c5 23. dxc5 Nxc5 24. Qc2 Nxe4+ 25. Qxe4 axb5 26. Rc2 Rd8
27. b4 Bd6 28. Kf3 Ne7 29. Be1 Nf5 30. Qc6+ Qxc6+ 31. Rxc6 O-O 32. Bf2 Bxb4
33. Rb1 Be7 34. Rxb5 Rc8 35. Rxc8 Rxc8 36. Rb3 Bd6 37. Rd3 Bb8 38. Ra3 Bd6
39. Rd3 Bb8 40. e4 Ne7 41. Rd7 Rc3+ 42. Kg4 Nc6 43. Bb5 Bc7 44. Rxc7 Ne5+
45. fxe5 Rxc7 46. Kf4 Rc3 47. Be2 Ra3 48. Be3 Ra2 49. Bf3 Ra3 50. h5 gxh5
51. Bxh5 g6 52. Be2 Rb3 53. Kf3 Ra3 54. Kf2 Ra1 55. Bc5 Rc1 56. Bd6 Rc3 57.
Ba6 Rb3 58. Ke2 Rg3 59. Be7 Rb3 60. Bd3 Kg7 61. Ke3 Rb7 62. Bd6 Kg8 63. Kd4
Kg7 64. Kc5 Rb3 65. Bb5 Rc3+ 66. Kb6 Kg8 67. Bc6 Kg7 68. Kc7 Rg3 69. Be7
Rd3 70. Bd7 Rd4 71. Bc6 Rd1 72. Bc5 Rd2 73. Be8 Rd3 74. Bd6 Re3 75. Bc6 Rg3
76. Be7 Rd3 77. Kc8 Rd2 78. Kc7 Rd3 1/2-1/2

[Event "8th Gibtelecom Masters"]
[Site "Caleta ENG"]
[Date "2010.01.26"]
[Round "1"]
[White "Kosteniuk,A"]
[Black "Duhayon,Y"]
[Result "1-0"]
[WhiteElo "2523"]
[BlackElo "2241"]
[EventDate "2010.01.26"]

1. e4 e5 2. Nf3 Nc6 3. Bc4 Nf6 4. Ng5 d5 5. exd5 Na5 6. Bb5+ c6 7. dxc6
bxc6 8. Qf3 Be7 9. Bd3 h6 10. Ne4 Nd5 11. c3 O-O 12. Ng3 f5 13. Bxf5 Nf4
14. Bc2 Ba6 15. Nf5 Rxf5 16. Bxf5 Nd3+ 17. Kd1 Qd6 18. b4 e4 19. Bxe4 Rf8
20. Bxd3 Rxf3 21. Bxa6 Rxf2 22. bxa5 Qd5 23. Re1 Bd6 24. Kc2 Rxg2 25. Bd3
Rxh2 26. Re8+ Kf7 27. Re4 Qxa5 28. Na3 Bxa3 29. Bxa3 g5 30. Rf1+ Kg8 31.
Re8+ Kg7 32. Bf8+ 1-0

[Event "8th Gibtelecom Masters"]
[Site "Caleta ENG"]
[Date "2010.01.26"]
[Round "1"]
[White "Nadig,K"]
[Black "Guliyev,N"]
[Result "1-0"]
[WhiteElo "2240"]
[BlackElo "2516"]
[EventDate "2010.01.26"]

1. e4 c5 2. Nf3 e6 3. d4 cxd4 4. Nxd4 Nf6 5. Nc3 d6 6. Be2 a6 7. a4 Qc7 8.
O-O Be7 9. Be3 b6 10. f4 Bb7 11. Bf3 Nbd7 12. Qe2 O-O 13. g4 Nc5 14. Qg2
Rfe8 15. g5 Nfd7 16. f5 Bf8 17. g6 hxg6 18. fxg6 fxg6 19. Qxg6 Ne5 20. Qg2
Nxf3+ 21. Rxf3 Re7 22. Raf1 Nd7 23. Qf2 Nf6 24. Qh4 Nh7 25. Qg4 Rae8 26.
Qg6 Qc4 27. Rh3 Qxf1+ 28. Kxf1 Nf6 29. Bg5 Rf7 30. Rh8+ Kxh8 31. Qxf7 Rb8
32. Bxf6 gxf6 33. Nxe6 1-0

[Event "8th Gibtelecom Masters"]
[Site "Caleta ENG"]
[Date "2010.01.26"]
[Round "1"]
[White "Nuri,Kam"]
[Black "Kapnisis,S"]
[Result "0-1"]
[WhiteElo "2235"]
[BlackElo "2510"]
[EventDate "2010.01.26"]

1. e4 e5 2. Nf3 Nc6 3. d4 exd4 4. Nxd4 Bb4+ 5. c3 Bc5 6. Nxc6 bxc6 7. Bd3
Ne7 8. O-O O-O 9. Nd2 d6 10. Kh1 Bb6 11. f4 f5 12. Qc2 Qe8 13. e5 dxe5 14.
fxe5 Nd5 15. Nc4 Be6 16. Bd2 Qh5 17. Nxb6 axb6 18. c4 Ne7 19. b4 Ng6 20.
Rae1 Rad8 21. Be2 Qh4 22. g3 Qh3 23. Bg5 Rd4 24. Be3 Re4 25. Bf3 Rxe3 0-1

[Event "8th Gibtelecom Masters"]
[Site "Caleta ENG"]
[Date "2010.01.26"]
[Round "1"]
[White "Hoffmann,Micha1"]
[Black "Rioseco Pinochet,F"]
[Result "1-0"]
[WhiteElo "2508"]
[BlackElo "2226"]
[EventDate "2010.01.26"]

1. d4 Nf6 2. c4 c5 3. g3 e6 4. Nf3 d5 5. cxd5 exd5 6. Bg2 Nc6 7. O-O Be7 8.
Nc3 O-O 9. Bg5 cxd4 10. Nxd4 h6 11. Bf4 Bg4 12. h3 Bh5 13. Nf5 Qd7 14.
Nxe7+ Nxe7 15. Be5 Rad8 16. Bxf6 gxf6 17. Qd4 Qe6 18. e3 Nc6 19. Qh4 Qe5
20. f4 Qxe3+ 21. Kh2 Bg6 22. f5 Bh7 23. Rf4 Rd6 24. Nxd5 Rxd5 25. Rg4+ Bg6
26. Bxd5 Qd2+ 27. Bg2 Ne5 28. Rf4 Bh7 29. Qxf6 Qxb2 30. Qxh6 f6 31. Raf1
Rd8 32. R1f2 Qb6 33. Re2 Rd1 34. Rff2 Bxf5 35. Rxe5 Qxf2 36. Re8+ Kf7 37.
Rf8+ Ke6 38. Qxf6+ 1-0